| 000 | 00441nam a2200157u 4500 | ||
|---|---|---|---|
| 082 |
_a951.0310223 _bOFF |
||
| 110 | 1 |
_aGreat Britain. _939715 |
|
| 245 | 0 | 0 | _aOfficial history of the Russo-Japanese war... |
| 260 |
_a[n.p., _cn.d.] |
||
| 300 |
_av. _ccm. |
||
| 526 |
_a0 _b0 _c0 _d951_031022300000000_OFF |
||
| 526 |
_a0 _b0 _c0 _d951_031022300000000_OFF |
||
| 526 |
_a0 _b0 _c0 _d952_031000000000000_RUS |
||
| 650 |
_aMCE _9379 |
||
| 942 |
_2ddc _cBK |
||
| 999 |
_c553019 _d553019 |
||